000 01349namaa22003131i 4500
005 20260411124834.0
008 260117s1995 ua a|||fr|m|| 000 0 eng d
040 _aEG-GICUC
_beng
_cEG-GICUC
_dEG-GICUC
_erda
041 0 _aeng
_beng
_bara
049 _aDeposit
097 _aM.Sc
099 _aCai01.10.15.M.Sc.1995.Am.P
100 0 _aAmal Abdel Rahman Zaki ,
_epreparation.
245 1 0 _aPharmacological Effects of allium cepa onion extracts /
_cBy Amal Abdel Rahman Zaki; Supervised Prof.Dr. Abd El-Khalik Bakr Hassan, Prof.Dr. Mahmoud Naguib Youssef
246 1 5 _aالتأثيرات الفراماكولوجيه لخلاصات البصل
264 0 _c1996.
300 _a159 Leaves :
_billustrations ;
_c30 cm. +
336 _2rda content
_atext
337 _2rdamedia
_aUnmediated
338 _2rdacarrier
_avolume
502 _aThesis (M.Sc.) -Cairo University, 1996
504 _aBibliography: pages 147: 159
653 0 _aPharmacological Effects of alliumcepa
_aonion extracts
700 0 _aAbd El-Khalik Bakr Hassan
_ethesis advisor.
700 0 _aMahmoud Naguib Youssef
_ethesis advisor.
900 _DDepartment of Veterinary Pharmacology
_FFaculty of Medicine
_UCairo University
_b1996
_cAbd El-Khalik Bakr Hassan
_cMahmoud Naguib Youssef
_dAbd El-Khalik Bakr Hassan
905 _aNagat
_eNourhan
942 _2ddc
_cTH
_e21
_n0
999 _c177768